[Event "Junior Online 4NCL Division 3"]
[Site "online"]
[Date "2020.05.28"]
[Round "7.83"]
[White "Edwards, Jacob"]
[Black "He, Andy"]
[Result "1-0"]
[WhiteElo "1412"]
[BlackElo "1382"]
[PlyCount "133"]
[EventDate "2020.05.28"]
[WhiteTeam "Stroud Cubs"]
[BlackTeam "Dulwich College Junior A"]

1. d4 d5 2. Bf4 Nf6 3. e3 e6 4. Nf3 Be7 5. Bd3 O-O 6. c3 Nbd7 7. Nbd2 b6 8. Qe2
Bb7 9. O-O-O c5 10. h4 Rc8 11. Ne5 c4 12. Bc2 a5 13. g4 Ne4 14. f3 Nxd2 15.
Qxd2 b5 16. g5 b4 17. Rdg1 Nxe5 18. dxe5 bxc3 19. Qxc3 Bb4 20. Qd4 Bc5 21. Qd1
Qb6 22. Qe2 d4 23. Qxc4 dxe3 24. Qe2 Bd4 25. Kd1 Qxb2 26. Bxh7+ Kxh7 27. Qxb2
Bxb2 28. Ke2 Rc2+ 29. Kxe3 Rfc8 30. Rd1 R8c3+ 31. Rd3 Bc1+ 32. Kd4 Rxd3+ 33.
Kxd3 Rxa2 34. Rxc1 Bxf3 35. Rc7 Be2+ 36. Kc3 Kg6 37. Bd2 Ra4 38. Rc5 Rxh4 39.
Rxa5 f6 40. exf6 gxf6 41. gxf6 Kxf6 42. Bg5+ Kg6 43. Bxh4 Bg4 44. Ra6 Kh5 45.
Bg3 Kg5 46. Kd4 Be2 47. Rxe6 Bg4 48. Rb6 Bf3 49. Ke3 Bd5 50. Rb5 Kg4 51. Rxd5
Kxg3 52. Rf5 Kg4 53. Rf8 Kg5 54. Rf1 Kg4 55. Rf8 Kg5 56. Ke4 Kg6 57. Ke5 Kg7
58. Rf1 Kg6 59. Rf2 Kg5 60. Rg2+ Kh4 61. Kf5 Kh3 62. Rg8 Kh4 63. Rg7 Kh3 64.
Kf4 Kh2 65. Kf3 Kh1 66. Kf2 Kh2 67. Rh7# 1-0

[Event "Junior Online 4NCL Division 3"]
[Site "online"]
[Date "2020.05.28"]
[Round "7.84"]
[White "Bhasin, Aadit"]
[Black "Ashworth, Jaime"]
[Result "1-0"]
[WhiteElo "1255"]
[BlackElo "1390"]
[PlyCount "141"]
[EventDate "2020.05.28"]
[WhiteTeam "Dulwich College Junior A"]
[BlackTeam "Stroud Cubs"]

1. e4 e6 2. d4 d5 3. exd5 exd5 4. Nc3 Nf6 5. Bg5 c6 6. Qe2+ Be6 7. g3 Nbd7 8.
Bh3 Qe7 9. Bxe6 Qxe6 10. Qxe6+ fxe6 11. O-O-O Bd6 12. Re1 e5 13. Bxf6 gxf6 14.
dxe5 fxe5 15. f4 O-O-O 16. fxe5 Nxe5 17. a3 Rde8 18. Nh3 Re7 19. Ref1 Rhe8 20.
Ng5 h6 21. Nf3 Nxf3 22. Rxf3 Re1+ 23. Rxe1 Rxe1+ 24. Kd2 Rh1 25. h4 Rh3 26. Ne2
h5 27. c3 Kc7 28. Ke3 Kb6 29. Nf4 Bxf4+ 30. Rxf4 Rxg3+ 31. Kf2 Rg4 32. Rxg4
hxg4 33. Kg3 Kc7 34. Kxg4 Kd7 35. h5 Ke7 36. Kg5 Kf7 37. Kh6 Kg8 38. Kg6 Kh8
39. Kf7 Kh7 40. Ke7 b5 41. Kd7 c5 42. Kc6 b4 43. cxb4 cxb4 44. Kxd5 Kh6 45.
axb4 Kxh5 46. b5 Kg6 47. Kc6 Kf7 48. Kb7 Ke7 49. Kxa7 Kd7 50. Kb7 Kd8 51. b6
Kd7 52. Kb8 Kc6 53. Ka7 Kb5 54. b7 Kb4 55. b8=Q+ Kc4 56. Qb6 Kd3 57. Qc5 Ke4
58. Qd6 Ke3 59. Qd5 Kf4 60. Qe6 Kf3 61. Qe5 Kf2 62. Qe4 Kg3 63. Qf5 Kg2 64. Qf4
Kh1 65. Qg4 Kh2 66. Kb6 Kh1 67. Kc5 Kh2 68. Kd4 Kh1 69. Ke3 Kh2 70. Kf2 Kh1 71.
Qg1# 1-0

[Event "Junior Online 4NCL Division 3"]
[Site "online"]
[Date "2020.05.28"]
[Round "7.85"]
[White "Nguyen, Ryan"]
[Black "Southcott-Moyers, Indy"]
[Result "1/2-1/2"]
[WhiteElo "1517"]
[BlackElo "1487"]
[PlyCount "77"]
[EventDate "2020.05.28"]
[WhiteTeam "Dulwich College Junior A"]
[BlackTeam "Stroud Cubs"]

1. e4 c6 2. d4 d5 3. Nc3 dxe4 4. Nxe4 Nf6 5. Nxf6+ exf6 6. Nf3 Bd6 7. Bd3 O-O
8. O-O Re8 9. Re1 Nd7 10. c3 Nf8 11. Be3 Be6 12. Qd2 Ng6 13. a3 Qc7 14. Rad1
Nf4 15. Bxf4 Bxf4 16. Qc2 h6 17. Bf5 Bxf5 18. Qxf5 Bd6 19. Qd3 Qd7 20. Re2 Rxe2
21. Qxe2 Re8 22. Qd2 Re7 23. d5 c5 24. c4 Re4 25. Qd3 Re7 26. Rb1 a5 27. Qd2 b6
28. Re1 Kf8 29. Rxe7 Qxe7 30. Qe1 Qxe1+ 31. Nxe1 Be5 32. b3 Bb2 33. a4 Ke7 34.
Nd3 Bd4 35. g3 Kd6 36. Kg2 f5 37. Kf3 g5 38. h4 f6 39. Kg2 1/2-1/2

[Event "Junior Online 4NCL Division 3"]
[Site "online"]
[Date "2020.05.28"]
[Round "7.86"]
[White "Carey, Alex"]
[Black "Avril, Aaran"]
[Result "1/2-1/2"]
[WhiteElo "1442"]
[BlackElo "1375"]
[PlyCount "62"]
[EventDate "2020.05.28"]
[WhiteTeam "Stroud Cubs"]
[BlackTeam "Dulwich College Junior A"]

1. e4 e5 2. Nf3 Nc6 3. Bc4 Bc5 4. d3 d6 5. h3 Nf6 6. Bg5 h6 7. Bh4 O-O 8. Nc3
Be6 9. Bb3 Nd4 10. Nd5 Bxd5 11. Bxd5 g5 12. Bg3 Nxd5 13. exd5 Nf5 14. Qd2 Nxg3
15. fxg3 Re8 16. O-O-O e4 17. dxe4 Rxe4 18. Rhe1 Qe7 19. Qd3 Re8 20. Rxe4 Qxe4
21. Re1 Be3+ 22. Kd1 Qxd3+ 23. cxd3 Kf8 24. Kc2 Bf2 25. Rxe8+ Kxe8 26. g4 Ke7
27. Kc3 Kf6 28. Kc4 a5 29. d4 Ke7 30. Kb5 b6 31. Kc6 Kd8 1/2-1/2

[Event "Junior Online 4NCL Division 3"]
[Site "online"]
[Date "2020.05.28"]
[Round "7.87"]
[White "He, Andy"]
[Black "Edwards, Jacob"]
[Result "0-1"]
[WhiteElo "1382"]
[BlackElo "1412"]
[PlyCount "86"]
[EventDate "2020.05.28"]
[WhiteTeam "Dulwich College Junior A"]
[BlackTeam "Stroud Cubs"]

1. e4 d5 2. exd5 Nf6 3. Nc3 c6 4. dxc6 Nxc6 5. Nf3 Bf5 6. Bb5 Bd7 7. O-O e6 8.
Re1 Bd6 9. d4 O-O 10. d5 exd5 11. Nxd5 Nxd5 12. Qd2 Be6 13. c4 Nf6 14. Qc2 h6
15. c5 Be7 16. Bf4 a6 17. Bd3 Bxc5 18. Rad1 Qb6 19. Re2 Nd4 20. Nxd4 Bxd4 21.
Be3 Bxe3 22. Rxe3 Bxa2 23. Bc4 Bxc4 24. Qxc4 Qxb2 25. Re2 Qb5 26. Qc2 Rac8 27.
Qe4 Nxe4 28. Rxe4 Rfd8 29. Rxd8+ Rxd8 30. g3 Rd1+ 31. Kg2 Qf1+ 32. Kf3 Qd3+ 33.
Kf4 Qxe4+ 34. Kxe4 Rh1 35. Kf3 Rxh2 36. Ke4 Rxf2 37. Ke3 Rg2 38. Kd3 Rxg3+ 39.
Kc4 h5 40. Kc5 h4 41. Kb6 h3 42. Kxb7 h2 43. Kxa6 h1=Q 0-1

[Event "Junior Online 4NCL Division 3"]
[Site "online"]
[Date "2020.05.28"]
[Round "7.88"]
[White "Ashworth, Jaime"]
[Black "Bhasin, Aadit"]
[Result "1-0"]
[WhiteElo "1390"]
[BlackElo "1255"]
[PlyCount "127"]
[EventDate "2020.05.28"]
[WhiteTeam "Stroud Cubs"]
[BlackTeam "Dulwich College Junior A"]

1. e4 c5 2. Nf3 d6 3. d4 cxd4 4. Nxd4 Nf6 5. Nc3 g6 6. Be2 Bg7 7. Be3 O-O 8.
O-O Ng4 9. Bxg4 Bxg4 10. Qxg4 e5 11. Nb3 Na6 12. Rfd1 Nb4 13. Rac1 b6 14. a3
Nc6 15. Rd2 h5 16. Qf3 Re8 17. Rcd1 Bf8 18. Nd5 Re6 19. Qg3 h4 20. Qg5 Qxg5 21.
Bxg5 Rc8 22. Nf6+ Kg7 23. Nd7 Be7 24. Bxe7 Nxe7 25. Rxd6 Rxd6 26. Rxd6 Rxc2 27.
Rd2 Rxd2 28. Nxd2 Nc6 29. Nc4 f6 30. h3 g5 31. g3 hxg3 32. fxg3 Nd4 33. Kf2 Nc2
34. Ke2 Nd4+ 35. Kd3 Nc6 36. Ke3 Kf7 37. h4 gxh4 38. gxh4 Ke7 39. Ndxe5 fxe5
40. h5 Kf7 41. Kf3 Kg7 42. Kg4 Kh6 43. b4 b5 44. Nd6 Nd4 45. Nf5+ Nxf5 46. exf5
Kg7 47. Kg5 e4 48. Kf4 e3 49. Kxe3 Kh6 50. Kf4 Kxh5 51. Ke5 Kh6 52. Kf6 Kh7 53.
Kf7 Kh6 54. f6 Kh7 55. Ke7 Kg8 56. f7+ Kg7 57. f8=Q+ Kg6 58. Qf6+ Kh5 59. Qg7
a6 60. Kf6 Kh4 61. Kf5 Kh3 62. Kf4 Kh2 63. Kf3 Kh1 64. Qg2# 1-0

[Event "Junior Online 4NCL Division 3"]
[Site "online"]
[Date "2020.06.04"]
[Round "8.11"]
[White "Surapaneni, Rahul"]
[Black "Southcott-Moyers, Indy"]
[Result "0-1"]
[WhiteElo "1442"]
[BlackElo "1487"]
[PlyCount "100"]
[EventDate "2020.06.04"]
[WhiteTeam "Cheshire8Z"]
[BlackTeam "Stroud Cubs"]

1. g3 d5 2. Bg2 c5 3. Nc3 e6 4. e4 dxe4 5. Nxe4 Nc6 6. Nc3 Bd7 7. d3 Be7 8. Nf3
Nf6 9. Bg5 O-O 10. Qd2 Nd5 11. Bxe7 Qxe7 12. O-O Rfe8 13. Nh4 Nxc3 14. bxc3
Rab8 15. d4 cxd4 16. cxd4 Red8 17. c3 Be8 18. Qe3 Qf6 19. Rfd1 Rbc8 20. Rab1 b6
21. Nf3 h6 22. Nd2 Na5 23. Ne4 Qe7 24. Nd2 Bc6 25. Bxc6 Nxc6 26. Nc4 Qf6 27.
Rb5 Nxd4 28. Rxd4 Rxd4 29. Nd6 Rxd6 30. Qe4 Rd1+ 31. Kg2 Qxc3 32. Qg4 Qc6+ 33.
Kh3 Qxb5 34. Qxd1 Qf5+ 35. g4 Rc3+ 36. Kg2 Qd5+ 37. Qxd5 exd5 38. f4 Ra3 39. h4
Rxa2+ 40. Kf3 Rc2 41. g5 hxg5 42. hxg5 a5 43. Kg4 a4 44. f5 a3 45. f6 a2 46.
fxg7 a1=Q 47. g6 Rf2 48. gxf7+ Kxg7 49. Kg5 Qg1+ 50. Kh5 Rh2# 0-1

[Event "Junior Online 4NCL Division 3"]
[Site "online"]
[Date "2020.06.04"]
[Round "8.12"]
[White "Carey, Alex"]
[Black "Crook, Ethan"]
[Result "1-0"]
[WhiteElo "1442"]
[BlackElo "1405"]
[PlyCount "117"]
[EventDate "2020.06.04"]
[WhiteTeam "Stroud Cubs"]
[BlackTeam "Cheshire8Z"]

1. e4 e5 2. Nf3 Nc6 3. Bc4 Bc5 4. Nc3 d6 5. h3 Nf6 6. d3 h6 7. Be3 Bxe3 8. fxe3
Na5 9. Bb3 O-O 10. O-O Bd7 11. d4 Nxb3 12. axb3 Re8 13. Qd3 Qc8 14. Nd5 Nxd5
15. exd5 e4 16. Qe2 exf3 17. Qxf3 Rf8 18. Qg3 Qd8 19. Rf4 Qg5 20. Qf3 f5 21.
Rf1 Rf6 22. h4 Qg6 23. Qh3 Raf8 24. R1f3 Qh5 25. Qg3 Rg6 26. Qf2 a6 27. Rg3
Rxg3 28. Qxg3 Kh7 29. e4 Qg6 30. Qf3 b6 31. h5 Qg5 32. c3 a5 33. e5 g6 34. e6
Bc8 35. hxg6+ Kxg6 36. Qe3 Re8 37. Qf3 Rf8 38. Qe3 Kf6 39. g4 Ke7 40. Qf3 Qg7
41. Rxf5 Rxf5 42. Qxf5 Qf6 43. Kf2 Qxf5+ 44. gxf5 Kf6 45. Kf3 b5 46. Kf4 b4 47.
c4 h5 48. c5 h4 49. c6 Ke7 50. Kg4 Bd7 51. cxd7 Kd8 52. Kxh4 c5 53. dxc6 Kc7
54. e7 Kxc6 55. d8=Q d5 56. e8=Q+ Kb7 57. Qed7+ Ka6 58. Qa8+ Kb6 59. Qdc6# 1-0

[Event "Junior Online 4NCL Division 3"]
[Site "online"]
[Date "2020.06.04"]
[Round "8.13"]
[White "Sajid, Aryan"]
[Black "Edwards, Jacob"]
[Result "0-1"]
[WhiteElo "1405"]
[BlackElo "1412"]
[PlyCount "148"]
[EventDate "2020.06.04"]
[WhiteTeam "Cheshire8Z"]
[BlackTeam "Stroud Cubs"]

1. e4 d5 2. exd5 Nf6 3. Nc3 c6 4. Nf3 Nxd5 5. Bc4 Nxc3 6. bxc3 Bg4 7. h3 Bh5 8.
d3 e6 9. Be3 Bd6 10. O-O Qf6 11. Rb1 b5 12. Bb3 Bxf3 13. Qxf3 Qxf3 14. gxf3 O-O
15. Kh1 Nd7 16. d4 a5 17. a4 b4 18. cxb4 axb4 19. Rg1 g6 20. Bh6 Rfe8 21. Rgc1
Nb6 22. Ra1 c5 23. dxc5 Bxc5 24. Kg1 f6 25. Be3 Bxe3 26. fxe3 Kg7 27. c3 Rec8
28. cxb4 Rxc1+ 29. Rxc1 Nxa4 30. Rc7+ Kh6 31. Bxe6 Re8 32. Bd7 Ra8 33. Bxa4
Rxa4 34. Rc4 Ra3 35. Kf2 Rb3 36. Ke2 g5 37. e4 Kg6 38. Kf2 h5 39. Kg3 h4+ 40.
Kg4 Rb1 41. f4 Rg1+ 42. Kf3 Rg3+ 43. Kf2 gxf4 44. b5 Rxh3 45. Rb4 f5 46. b6
fxe4 47. b7 e3+ 48. Ke2 Rh2+ 49. Kf3 Rf2+ 50. Ke4 e2 51. Rb1 Rf1 52. Rb6+ Kg5
53. Rb5+ Kg4 54. b8=Q e1=Q+ 55. Kd5 Qd2+ 56. Kc5 Rc1+ 57. Kb6 Qd4+ 58. Ka6 Rc6+
59. Ka5 Qa1+ 60. Kb4 Qc3+ 61. Ka4 Rc4+ 62. Rb4 Rxb4+ 63. Qxb4 Qxb4+ 64. Kxb4 h3
65. Kc3 h2 66. Kd2 h1=Q 67. Kd3 f3 68. Ke4 f2+ 69. Ke5 f1=Q 70. Kd6 Qe1 71. Kc7
Qd5 72. Kb8 Qc1 73. Ka7 Qb3 74. Ka8 Qa1# 0-1

[Event "Junior Online 4NCL Division 3"]
[Site "online"]
[Date "2020.06.04"]
[Round "8.14"]
[White "Ashworth, Jaime"]
[Black "Goldsmith, Max"]
[Result "1-0"]
[WhiteElo "1390"]
[BlackElo "1405"]
[PlyCount "59"]
[EventDate "2020.06.04"]
[WhiteTeam "Stroud Cubs"]
[BlackTeam "Cheshire8Z"]

1. e4 e5 2. Nf3 Nc6 3. Bc4 Bc5 4. c3 Nf6 5. d4 exd4 6. cxd4 Bb4+ 7. Bd2 Bxd2+
8. Nbxd2 d6 9. h3 Be6 10. d5 Ne5 11. Nxe5 dxe5 12. dxe6 fxe6 13. Bxe6 Qd6 14.
Bb3 Qb4 15. Qc2 O-O-O 16. Rd1 Rd4 17. a3 Qa5 18. Qc3 Qxc3 19. bxc3 Rd6 20. Nc4
Rxd1+ 21. Kxd1 Nxe4 22. Rf1 Nxc3+ 23. Kc2 Ne4 24. Nxe5 Re8 25. Nf3 Nc5 26. Re1
Rd8 27. Bc4 Rd6 28. Re5 Rc6 29. Nd4 Nd7 30. Re8# 1-0

[Event "Junior Online 4NCL Division 3"]
[Site "online"]
[Date "2020.06.04"]
[Round "8.15"]
[White "Southcott-Moyers, Indy"]
[Black "Surapaneni, Rahul"]
[Result "1-0"]
[WhiteElo "1487"]
[BlackElo "1442"]
[PlyCount "39"]
[EventDate "2020.06.04"]
[WhiteTeam "Stroud Cubs"]
[BlackTeam "Cheshire8Z"]

1. d4 d5 2. c4 c6 3. e3 Bf5 4. Nc3 Nf6 5. Nf3 Nbd7 6. Bd3 Bg4 7. O-O e5 8. Be2
e4 9. Nd2 Bxe2 10. Qxe2 Nb6 11. cxd5 cxd5 12. f3 exf3 13. Nxf3 Nc4 14. e4 Qe7
15. Re1 Nd6 16. e5 Nfe4 17. exd6 Qxd6 18. Nxe4 dxe4 19. Qxe4+ Qe7 20. Qxb7 1-0

[Event "Junior Online 4NCL Division 3"]
[Site "online"]
[Date "2020.06.04"]
[Round "8.16"]
[White "Crook, Ethan"]
[Black "Carey, Alex"]
[Result "1/2-1/2"]
[WhiteElo "1405"]
[BlackElo "1442"]
[PlyCount "162"]
[EventDate "2020.06.04"]
[WhiteTeam "Cheshire8Z"]
[BlackTeam "Stroud Cubs"]

1. e4 c5 2. c3 Nc6 3. d4 cxd4 4. cxd4 d5 5. e5 Bf5 6. Bb5 e6 7. Qa4 Qb6 8.
Bxc6+ Qxc6 9. Qxc6+ bxc6 10. Nc3 c5 11. Nf3 f6 12. Nb5 Kd7 13. exf6 Nxf6 14.
Ne5+ Kc8 15. Be3 a6 16. Na3 cxd4 17. Rc1+ Kb7 18. Bxd4 Bb4+ 19. Ke2 Rac8 20.
Nb1 Ne4 21. a3 Ba5 22. b4 Bc7 23. Nc6 Bb6 24. Bxb6 Rxc6 25. Bd4 Rg8 26. Rxc6
Kxc6 27. Rc1+ Kb7 28. Nc3 Nxc3+ 29. Rxc3 g6 30. f3 Re8 31. g4 e5 32. Re3 Bd7
33. Rxe5 Rxe5+ 34. Bxe5 Bb5+ 35. Ke3 Kc6 36. f4 Kd7 37. Kd4 Ke6 38. h4 Bc4 39.
g5 Bb5 40. Ke3 Kf5 41. Kf3 Bc4 42. Bd4 Ke6 43. a4 Kd6 44. Bc5+ Kc6 45. a5 Kb5
46. Be7 Kc6 47. Bc5 Kb5 48. Kg4 Be2+ 49. Kg3 Kc4 50. Kf2 Bd1 51. Ke3 Bg4 52.
Bd4 Bf5 53. Bc5 Bg4 54. Be7 d4+ 55. Kd2 Bf5 56. Bf8 Kd5 57. b5 axb5 58. a6 Kc6
59. a7 Kb7 60. Bc5 d3 61. Be3 b4 62. Kc1 Be4 63. Kb2 Ka6 64. Kb3 Kb5 65. Kb2
Kc4 66. Bd2 Kb5 67. Kb3 Ka6 68. a8=Q+ Bxa8 69. Kxb4 Kb6 70. Kc4 Be4 71. Be3+
Kc6 72. Kd4 Bf5 73. Ke5 Kb5 74. Kf6 Kc4 75. Kg7 Kc3 76. Kxh7 d2 77. Bxd2+ Kxd2
78. Kh6 Ke3 79. h5 gxh5 80. Kxh5 Kxf4 81. g6 Bxg6+ 1/2-1/2

[Event "Junior Online 4NCL Division 3"]
[Site "online"]
[Date "2020.06.04"]
[Round "8.17"]
[White "Edwards, Jacob"]
[Black "Sajid, Aryan"]
[Result "0-1"]
[WhiteElo "1412"]
[BlackElo "1405"]
[PlyCount "118"]
[EventDate "2020.06.04"]
[WhiteTeam "Stroud Cubs"]
[BlackTeam "Cheshire8Z"]

1. d4 d5 2. Bf4 Bf5 3. e3 e6 4. Nf3 Nf6 5. c3 c6 6. Bd3 Bg6 7. Qe2 Bd6 8. Bg3
Bc7 9. Nbd2 O-O 10. O-O-O Nbd7 11. e4 dxe4 12. Nxe4 Nxe4 13. Bxe4 Bxe4 14. Qxe4
Nf6 15. Qd3 b5 16. Ne5 a5 17. h4 Qe7 18. Nxc6 Qd7 19. Ne5 Bxe5 20. Bxe5 Qe7 21.
h5 h6 22. Rdg1 b4 23. g4 bxc3 24. bxc3 Qa3+ 25. Kd1 Qxa2 26. Bxf6 gxf6 27. f4
Qa1+ 28. Ke2 Qb2+ 29. Qd2 Qxd2+ 30. Kxd2 a4 31. g5 Kg7 32. gxf6+ Kxf6 33. Ke3
Ra7 34. Ra1 Rfa8 35. Rhd1 a3 36. d5 exd5 37. Rxd5 Ke6 38. Re5+ Kf6 39. Rb5 a2
40. c4 Ke6 41. Rb6+ Kf5 42. Rxh6 Kg4 43. c5 f5 44. Rf6 Kxh5 45. Rxf5+ Kg4 46.
Rg5+ Kh4 47. Rg2 Kh3 48. Rf2 Kh4 49. f5 Kg5 50. f6 Kg6 51. f7 Rxf7 52. Rxf7
Kxf7 53. Kd4 Ke7 54. Ke5 Kd7 55. Kd5 Kc7 56. c6 Kd8 57. Kd6 Kc8 58. Rh1 a1=Q
59. Rxa1 Rxa1 0-1

[Event "Junior Online 4NCL Division 3"]
[Site "online"]
[Date "2020.06.04"]
[Round "8.18"]
[White "Goldsmith, Max"]
[Black "Ashworth, Jaime"]
[Result "0-1"]
[WhiteElo "1405"]
[BlackElo "1390"]
[PlyCount "116"]
[EventDate "2020.06.04"]
[WhiteTeam "Cheshire8Z"]
[BlackTeam "Stroud Cubs"]

1. e4 e6 2. d4 d5 3. e5 c5 4. c3 Nc6 5. Nf3 cxd4 6. Nxd4 Nxe5 7. Qa4+ Bd7 8.
Bb5 Bxb5 9. Qxb5+ Qd7 10. O-O Qxb5 11. Nxb5 Kd8 12. Bg5+ Be7 13. Bf4 Nc6 14.
Nc7 Rc8 15. Nb5 a6 16. Nd6 Bxd6 17. Bxd6 Nge7 18. Bxe7+ Nxe7 19. Nd2 Nf5 20.
Nf3 Ke7 21. Ne5 Rhd8 22. h3 f6 23. Ng4 e5 24. Rfe1 d4 25. cxd4 Nxd4 26. Rad1
Nc2 27. Rf1 Rd7 28. Rxd7+ Kxd7 29. Rd1+ Ke7 30. Rc1 Rc6 31. Ne3 Nxe3 32. Rxc6
bxc6 33. fxe3 Kd6 34. Kf2 Kc5 35. Ke2 Kd5 36. Kd3 a5 37. e4+ Ke6 38. Kc4 f5 39.
exf5+ Kxf5 40. Kc5 Kf4 41. Kc4 Kg3 42. Kd3 Kxg2 43. Ke4 Kxh3 44. Kxe5 Kg4 45.
Ke4 g6 46. Ke3 Kg3 47. Ke2 h5 48. Kf1 Kh3 49. Kg1 g5 50. Kh1 g4 51. Kg1 Kg3 52.
b3 h4 53. a3 h3 54. a4 h2+ 55. Kh1 Kh3 56. b4 axb4 57. a5 g3 58. a6 g2# 0-1

[Event "Junior Online 4NCL Division 3"]
[Site "online"]
[Date "2020.06.04"]
[Round "8.21"]
[White "Nguyen, Ryan"]
[Black "Hurst, Joseph"]
[Result "1-0"]
[WhiteElo "1517"]
[BlackElo "1645"]
[PlyCount "99"]
[EventDate "2020.06.04"]
[WhiteTeam "Dulwich College Junior A"]
[BlackTeam "Robin Hoods 1"]

1. e4 d5 2. exd5 Qxd5 3. Nc3 Qd6 4. d4 Nf6 5. Nf3 a6 6. g3 Bg4 7. Bg2 Nc6 8.
O-O O-O-O 9. d5 Nxd5 10. Nxd5 Qxd5 11. Qxd5 Rxd5 12. Ng5 Rf5 13. f3 h6 14. Ne4
Bxf3 15. Rxf3 Rxf3 16. Bxf3 Nd4 17. Kf2 Nxc2 18. Rb1 e5 19. Be3 f5 20. Nc3 Nxe3
21. Kxe3 Bc5+ 22. Ke2 g5 23. Rf1 e4 24. Bg2 Rf8 25. Bh3 g4 26. Bg2 c6 27. Bxe4
fxe4 28. Nxe4 Rxf1 29. Kxf1 Be7 30. Nf2 h5 31. Nd3 Bg5 32. Ke2 Kd7 33. Nc5+ Kc7
34. Ne6+ Kd6 35. Nxg5 Ke5 36. Nf7+ Kf6 37. Nd8 Kg5 38. Nxb7 h4 39. gxh4+ Kxh4
40. Kf2 Kh3 41. Kg1 g3 42. hxg3 Kxg3 43. Kf1 Kf3 44. Ke1 Ke3 45. Kd1 Kd3 46.
Nc5+ Kc4 47. Nxa6 Kb5 48. Nc7+ Kb4 49. Ne6 c5 50. Nxc5 1-0

[Event "Junior Online 4NCL Division 3"]
[Site "online"]
[Date "2020.06.04"]
[Round "8.22"]
[White "Stapleton, Dean"]
[Black "Avril, Aaran"]
[Result "1-0"]
[WhiteElo "1457"]
[BlackElo "1375"]
[PlyCount "37"]
[EventDate "2020.06.04"]
[WhiteTeam "Robin Hoods 1"]
[BlackTeam "Dulwich College Junior A"]

1. d4 d5 2. Nc3 Nf6 3. Bf4 Bf5 4. Qd2 Nc6 5. Nb5 a6 6. Nxc7+ Kd7 7. Nxa8 Qxa8
8. e3 e6 9. Nf3 Bb4 10. c3 Ba5 11. Bd3 Ne4 12. Bxe4 Bxe4 13. Ne5+ Nxe5 14. Bxe5
f6 15. Bf4 Qd8 16. f3 Bg6 17. O-O b5 18. Rfe1 Qb6 19. b4 1-0

[Event "Junior Online 4NCL Division 3"]
[Site "online"]
[Date "2020.06.04"]
[Round "8.23"]
[White "He, Andy"]
[Black "Tomsett, Jonah"]
[Result "1-0"]
[WhiteElo "1382"]
[BlackElo "1382"]
[PlyCount "57"]
[EventDate "2020.06.04"]
[WhiteTeam "Dulwich College Junior A"]
[BlackTeam "Robin Hoods 1"]

1. e4 e5 2. Nf3 Nc6 3. Bb5 Nf6 4. O-O Bd6 5. Nc3 O-O 6. d4 exd4 7. Nxd4 Nxd4 8.
Qxd4 Re8 9. Re1 Be5 10. Qd3 c6 11. Ba4 d5 12. exd5 Bxh2+ 13. Kxh2 Rxe1 14. Ne2
Ng4+ 15. Kg3 Qc7+ 16. Bf4 Qd8 17. Rxe1 cxd5 18. Rh1 g6 19. c4 d4 20. f3 Nf6 21.
Bg5 Kg7 22. Nxd4 Qc7+ 23. Kf2 Qa5 24. Bh6+ Kh8 25. b3 Bf5 26. Nxf5 gxf5 27. Qd4
Rd8 28. Qxf6+ Kg8 29. Qg7# 1-0

[Event "Junior Online 4NCL Division 3"]
[Site "online"]
[Date "2020.06.04"]
[Round "8.24"]
[White "Griffin-Young, Sebastian"]
[Black "Bhasin, Aadit"]
[Result "1/2-1/2"]
[WhiteElo "1420"]
[BlackElo "1255"]
[PlyCount "40"]
[EventDate "2020.06.04"]
[WhiteTeam "Robin Hoods 1"]
[BlackTeam "Dulwich College Junior A"]

1. d4 Nf6 2. Bf4 d6 3. Nf3 g6 4. Nbd2 Bg7 5. e4 O-O 6. Bd3 Bg4 7. O-O Nc6 8. d5
Nd4 9. Qe1 Nxf3+ 10. Nxf3 Nh5 11. Bd2 Bxb2 12. Rb1 Bg7 13. Rxb7 Bc8 14. Rb3 Bd7
15. Qe3 Nf6 16. Rb7 Ng4 17. Qf4 e5 18. dxe6 Bxe6 19. Ng5 Bc8 20. Rb3 Nf6
1/2-1/2

[Event "Junior Online 4NCL Division 3"]
[Site "online"]
[Date "2020.06.04"]
[Round "8.25"]
[White "Hurst, Joseph"]
[Black "Nguyen, Ryan"]
[Result "0-1"]
[WhiteElo "1645"]
[BlackElo "1517"]
[PlyCount "84"]
[EventDate "2020.06.04"]
[WhiteTeam "Robin Hoods 1"]
[BlackTeam "Dulwich College Junior A"]

1. e4 c5 2. Nf3 d6 3. d4 cxd4 4. Nxd4 Nf6 5. f3 g6 6. c4 Bg7 7. Be3 O-O 8. Nc3
Nc6 9. Qd2 Bd7 10. Be2 Nxd4 11. Bxd4 Bc6 12. O-O a6 13. a4 Rc8 14. b3 Nd7 15.
Bxg7 Kxg7 16. Qd4+ Kg8 17. f4 Qb6 18. Qxb6 Nxb6 19. Rad1 Nd7 20. f5 Nc5 21. f6
e6 22. Rxd6 Nxe4 23. Nxe4 Bxe4 24. Rb6 Bc6 25. Bf3 Bxf3 26. Rxf3 Rc7 27. Rd3
Re8 28. Kf2 e5 29. Ke3 Re6 30. Rxe6 fxe6 31. Ke4 Rc5 32. Rd7 b5 33. cxb5 axb5
34. Rd4 exd4 35. Kxd4 Rf5 36. axb5 Rxb5 37. Kc4 Rb8 38. b4 Kf7 39. b5 Kxf6 40.
Kc5 Ke7 41. Kc6 Kd8 42. b6 e5 0-1

[Event "Junior Online 4NCL Division 3"]
[Site "online"]
[Date "2020.06.04"]
[Round "8.26"]
[White "Avril, Aaran"]
[Black "Stapleton, Dean"]
[Result "0-1"]
[WhiteElo "1375"]
[BlackElo "1457"]
[PlyCount "32"]
[EventDate "2020.06.04"]
[WhiteTeam "Dulwich College Junior A"]
[BlackTeam "Robin Hoods 1"]

1. e4 e5 2. Nf3 Nc6 3. Bb5 Bc5 4. O-O a6 5. Ba4 b5 6. Bb3 d6 7. c3 Nf6 8. d4
O-O 9. Be3 exd4 10. cxd4 Bb6 11. Nc3 Re8 12. Bc2 b4 13. Nd5 Nxe4 14. Ba4 Bd7
15. Nxb4 Nxb4 16. Bxd7 Qxd7 0-1

[Event "Junior Online 4NCL Division 3"]
[Site "online"]
[Date "2020.06.04"]
[Round "8.27"]
[White "Tomsett, Jonah"]
[Black "He, Andy"]
[Result "0-1"]
[WhiteElo "1382"]
[BlackElo "1382"]
[PlyCount "68"]
[EventDate "2020.06.04"]
[WhiteTeam "Robin Hoods 1"]
[BlackTeam "Dulwich College Junior A"]

1. e4 e5 2. Nf3 Nc6 3. Bc4 Bc5 4. c3 Nf6 5. d4 exd4 6. cxd4 Bb4+ 7. Nc3 Nxe4 8.
Bd2 Nxd2 9. Qxd2 O-O 10. O-O d6 11. a3 Bxc3 12. Qxc3 d5 13. Ba2 Re8 14. Rfe1
Bg4 15. h3 Bf5 16. Qc5 Ne7 17. Re5 b6 18. Qc6 Nxc6 19. Rxe8+ Qxe8 20. Bxd5 Be4
21. Bxe4 Qxe4 22. Rc1 Nxd4 23. Nxd4 Qxd4 24. b4 Re8 25. Kh2 Qf4+ 26. Kh1 Qxf2
27. Kh2 Qf4+ 28. g3 Qxc1 29. Kg2 Re2+ 30. Kf3 Qe3+ 31. Kg4 f5+ 32. Kh4 g5+ 33.
Kh5 Qxg3 34. b5 Qh4# 0-1

[Event "Junior Online 4NCL Division 3"]
[Site "online"]
[Date "2020.06.04"]
[Round "8.28"]
[White "Bhasin, Aadit"]
[Black "Griffin-Young, Sebastian"]
[Result "0-1"]
[WhiteElo "1255"]
[BlackElo "1420"]
[PlyCount "52"]
[EventDate "2020.06.04"]
[WhiteTeam "Dulwich College Junior A"]
[BlackTeam "Robin Hoods 1"]

1. e4 e5 2. Nf3 Nc6 3. Bc4 Nf6 4. d3 Bc5 5. Nc3 O-O 6. O-O Re8 7. Na4 Be7 8.
Ng5 d5 9. exd5 Nxd5 10. Nf3 Nb6 11. Nxb6 axb6 12. Bb5 Qd5 13. c4 Qc5 14. Be3
Qb4 15. b3 Bf6 16. Bd2 Qd6 17. Qe1 e4 18. dxe4 Bxa1 19. Qxa1 Bg4 20. e5 Nxe5
21. Bxe8 Bxf3 22. gxf3 Rxe8 23. Bf4 Nxf3+ 24. Kg2 Qxf4 25. Rh1 Qg4+ 26. Kf1
Qh3# 0-1

[Event "Junior Online 4NCL Division 3"]
[Site "online"]
[Date "2020.06.04"]
[Round "8.31"]
[White "Postans, Harrison"]
[Black "Shaporenkov, Robert"]
[Result "1-0"]
[WhiteElo "1620"]
[BlackElo "1427"]
[PlyCount "47"]
[EventDate "2020.06.04"]
[WhiteTeam "EPR Paradox"]
[BlackTeam "St Albans Early Knights 2"]

1. e4 e5 2. Nf3 d6 3. d4 Nf6 4. Nc3 Nbd7 5. dxe5 dxe5 6. Bd3 Be7 7. Be3 b6 8.
Qd2 Bb7 9. O-O-O c5 10. Bb5 a6 11. Bxd7+ Qxd7 12. Qxd7+ Nxd7 13. Rd2 Rd8 14.
Rhd1 Bc6 15. Bg5 f6 16. Be3 O-O 17. Nd5 Bxd5 18. Rxd5 f5 19. Rxd7 Rxd7 20. Rxd7
fxe4 21. Nxe5 Re8 22. Nc6 Bf6 23. Rb7 Re6 24. Rb8+ 1-0

[Event "Junior Online 4NCL Division 3"]
[Site "online"]
[Date "2020.06.04"]
[Round "8.32"]
[White "Cowan, James"]
[Black "Stevenson, Neil"]
[Result "1/2-1/2"]
[WhiteElo "1390"]
[BlackElo "1483"]
[PlyCount "78"]
[EventDate "2020.06.04"]
[WhiteTeam "St Albans Early Knights 2"]
[BlackTeam "EPR Paradox"]

1. d4 f5 2. c4 Nf6 3. Nf3 e6 4. Nc3 Bb4 5. Bd2 O-O 6. a3 Bxc3 7. Bxc3 Qe8 8. e3
b6 9. Be2 Bb7 10. Qb3 Qg6 11. Rg1 Ne4 12. Bb4 d6 13. Nh4 Qf6 14. g3 f4 15. gxf4
Qxh4 16. Rg2 Nc5 17. Rxg7+ Kxg7 18. dxc5 dxc5 19. Bxc5 bxc5 20. Qxb7 Nd7 21.
Qxc7 Rfd8 22. O-O-O Qxf2 23. Rxd7+ Rxd7 24. Qxd7+ Kf6 25. Qd2 Rg8 26. Qc3+ Ke7
27. Qd2 Rg2 28. Qa5 Qxe2 29. Qxc5+ Kf6 30. Qe5+ Kg6 31. Qxe6+ Kh5 32. Qh3+ Kg6
33. Qe6+ Kg7 34. Qe7+ Kh8 35. Qf8+ Rg8 36. Qf6+ Rg7 37. Qf8+ Rg8 38. Qf6+ Rg7
39. Qf8+ Rg8 1/2-1/2